000 00730nam a2200205 a 4500
005 20210916075127.0
008 991125s1970 mx 000 0 spa u
035 _aUPN01000035516
049 _aF
050 4 _aPN56 W3
_bC6.4
100 1 _aCollazos, Oscar,
_d1942-
_935050
245 1 0 _aLiteratura en la revolución y revolución en la literatura :
_bpolémica /
_cpor Oscar Collazos, Julio Cortázar y Mario Vargas Llosa.
260 _aMéxico :
_bSiglo XXI,
_c1970.
300 _a118 p.
440 0 _aMínima ;
_v35
650 4 _aLITERATURA LATINOAMERICANA -
_vDISCURSOS, ENSAYOS, CONFERENCIAS, ETC.
700 1 _aCortázar, Julio,
_d1914-1984
_ecoaut.
700 1 _aVargas Llosa, Mario,
_d1936-
_ecoaut.
_929481
905 _aLibro
999 _c35516
_d35516